| 000 | 00361nam a22001457a 4500 | ||
|---|---|---|---|
| 008 | 210430b ||||| |||| 00| 0 eng d | ||
| 020 | _a9781606230282 | ||
| 041 | _aeng | ||
| 080 |
_22nd _a37 |
||
| 082 | _a37 | ||
| 100 | _a46 | ||
| 101 | _aEDU | ||
| 245 |
_aHandbook of Attachment Theory, Research and Clinical Applications _cJude Cassidy |
||
| 942 |
_2udc _cBK |
||
| 999 |
_c57038 _d57038 |
||